[Event "SVK-ch Seniors-A"]
[Site "Tatranske Matliare"]
[Date "2011.05.??"]
[Round "5"]
[White "Juhasz, Ladislav"]
[Black "Krucay, Jozef"]
[Result "0-1"]
[WhiteElo "1939"]
[BlackElo "1780"]
[PlyCount "92"]
[EventDate "2011.05.27"]
[EventType "swiss"]
[EventRounds "9"]
[EventCountry "SVK"]
[SourceTitle "EXT 2023"]
[Source "ChessBase"]
[SourceDate "2022.10.05"]
[SourceVersion "1"]
[SourceVersionDate "2022.10.05"]
[SourceQuality "1"]

1. e4 c5 2. Nf3 e6 3. d4 cxd4 4. Nxd4 a6 5. Nc3 Qc7 6. Be2 Bd6 7. Nf3 Nf6 8. Bg5 Ng4 9. h3 Ne5 10. Nxe5 Bxe5 11. Bd2 0-0 12. 0-0 Nc6 13. a3 Nd4 14. Bd3 f5 15. Rb1 b5 16. Ne2 fxe4 17. Bxe4 d5 18. Bd3 Nf5 19. Qe1 Bd6 20. Bb4 e5 21. Bxd6 Qxd6 22. c3 e4 23. Bc2 Qg6 24. Qd2 Ne7 25. Rbd1 Bxh3 26. Ng3 Be6 27. Rde1 Rad8 28. Bd1 Bg4 29. Re3 Bxd1 30. Qxd1 Qg5 31. Rfe1 Ng6 32. a4 Ne5 33. axb5 axb5 34. Qh5 Qf4 35. Rf1 Ng4 36. Re2 g5 37. Nh1 Rd6 38. Qh3 Rdf6 39. Qg3 Qf5 40. Qc7 Qg6 41. Qg3 Rf4 42. Rd1 Qh5 43. Rxd5 h6 44. Rdd2 Ne5 45. Qh3 Qxh3 46. gxh3 Nf3+ 0-1

[Event "SVK-ch Seniors-A"]
[Site "Tatranske Matliare"]
[Date "2011.05.??"]
[Round "8"]
[White "Juhasz, Ladislav"]
[Black "Profant, Jan"]
[Result "0-1"]
[WhiteElo "1939"]
[BlackElo "1801"]
[PlyCount "76"]
[EventDate "2011.05.27"]
[EventType "swiss"]
[EventRounds "9"]
[EventCountry "SVK"]
[SourceTitle "EXT 2023"]
[Source "ChessBase"]
[SourceDate "2022.10.05"]
[SourceVersion "1"]
[SourceVersionDate "2022.10.05"]
[SourceQuality "1"]

1. d4 d5 2. c4 c6 3. Nf3 Nf6 4. Nc3 h6 5. e3 Bf5 6. cxd5 Nxd5 7. Qb3 Nb6 8. a4 a5 9. Bd2 e6 10. e4 Bh7 11. Be3 Bb4 12. Bd3 N8d7 13. 0-0 0-0 14. Rad1 Nf6 15. Qc2 Qc7 16. h3 Rad8 17. Ne2 Rfe8 18. g4 Be7 19. Ng3 Nbd7 20. g5 hxg5 21. Nxg5 Bg6 22. e5 Bxd3 23. Qxd3 Nxe5 24. Qc2 Ng6 25. Nxe6 fxe6 26. Qxg6 Bd6 27. Qg5 Qf7 28. Kg2 Nd5 29. Qg4 Bf4 30. Rfe1 Rf8 31. Re2 Rde8 32. Ne4 Qf5 33. Ng3 Qxg4 34. hxg4 Rf7 35. Nh5 Ref8 36. Rd3 g6 37. Nxf4 Rxf4 38. Bxf4 Nxf4+ 0-1

[Event "SVK-chT2B 0708"]
[Site "Slovakia"]
[Date "2008.02.02"]
[Round "8.3"]
[White "Blahus, Miroslav"]
[Black "Juhasz, Ladislav"]
[Result "1-0"]
[WhiteElo "2023"]
[BlackElo "2009"]
[PlyCount "57"]
[EventDate "2007.10.06"]
[EventType "team-tourn"]
[EventRounds "11"]
[EventCountry "SVK"]
[SourceTitle "EXT 2010"]
[Source "ChessBase"]
[SourceDate "2010.11.25"]
[SourceVersion "1"]
[SourceVersionDate "2010.11.25"]
[SourceQuality "1"]
[WhiteTeam "Trencin SK II"]
[BlackTeam "Nove Zamky Basta II"]
[WhiteTeamCountry "SVK"]
[BlackTeamCountry "SVK"]

1. d4 Nf6 2. Nf3 d5 3. c4 e6 4. Nc3 Bb4 5. Qc2 c5 6. e3 Nbd7 7. Bd2 cxd4 8. exd4 0-0 9. Bd3 dxc4 10. Bxc4 Nb6 11. Bd3 h6 12. 0-0 Bd7 13. Ne5 Rc8 14. Nxd7 Qxd7 15. a3 Be7 16. Be3 Nbd5 17. Qd2 Rfd8 18. Nxd5 Qxd5 19. Rac1 Bd6 20. Rxc8 Rxc8 21. Rc1 Rd8 22. h3 b6 23. Bb1 Qa8 24. Bxh6 Ne4 25. Qe3 Nf6 26. Bxg7 Nd5 27. Qh6 f5 28. Be5 Bxe5 29. Qxe6+ 1-0

[Event "SVK-chT2B 0607"]
[Site "Slovakia"]
[Date "2006.11.26"]
[Round "4.6"]
[White "Hlinka, Miroslav"]
[Black "Juhasz, Ladislav"]
[Result "1-0"]
[WhiteElo "2131"]
[BlackElo "2036"]
[PlyCount "87"]
[EventDate "2006.10.14"]
[EventType "team-tourn"]
[EventRounds "11"]
[EventCountry "SVK"]
[SourceTitle "EXT 2008"]
[Source "ChessBase"]
[SourceDate "2007.11.25"]
[SourceVersion "1"]
[SourceVersionDate "2007.11.25"]
[SourceQuality "1"]
[WhiteTeam "Povazska Bystrica"]
[BlackTeam "Nove Zamky II"]
[WhiteTeamCountry "SVK"]
[BlackTeamCountry "SVK"]

1. d4 d5 2. Nf3 Nf6 3. c4 e6 4. Nc3 c6 5. e3 b6 6. Bd3 Be7 7. 0-0 0-0 8. b3 h6 9. Bb2 Bb7 10. Ne5 Nbd7 11. f4 c5 12. Rc1 Rc8 13. Qe2 Re8 14. cxd5 exd5 15. Bb5 Bd6 16. Ba6 Qc7 17. Bxb7 Qxb7 18. Qf3 cxd4 19. exd4 a6 20. Nxd7 Nxd7 21. Nxd5 Kf8 22. Rxc8 Qxc8 23. Rc1 Qb8 24. Rc6 Re6 25. Qc3 Re8 26. Qc1 Kg8 27. g3 a5 28. Qc3 Bf8 29. Rc7 Qd8 30. Kf2 Bb4 31. Qc4 Bd6 32. Rb7 Re6 33. f5 Re8 34. Bc1 Nf6 35. Nf4 Be7 36. Kg2 Qa8 37. Qc7 Qd8 38. Qxd8 Bxd8 39. d5 Ne4 40. Bb2 Nd6 41. Rb8 Nxf5 42. Ba3 g5 43. Nh5 Ng7 44. d6 1-0

[Event "SVK-chT2B 0607"]
[Site "Slovakia"]
[Date "2006.10.15"]
[Round "2.2"]
[White "Horvath, Marian"]
[Black "Juhasz, Ladislav"]
[Result "0-1"]
[WhiteElo "2063"]
[BlackElo "2036"]
[PlyCount "154"]
[EventDate "2006.10.14"]
[EventType "team-tourn"]
[EventRounds "11"]
[EventCountry "SVK"]
[SourceTitle "EXT 2008"]
[Source "ChessBase"]
[SourceDate "2007.11.25"]
[SourceVersion "1"]
[SourceVersionDate "2007.11.25"]
[SourceQuality "1"]
[WhiteTeam "Topolcianky"]
[BlackTeam "Nove Zamky II"]
[WhiteTeamCountry "SVK"]
[BlackTeamCountry "SVK"]

1. d4 Nf6 2. g3 e6 3. Bg2 d5 4. Nf3 h6 5. b3 Nbd7 6. Bb2 b6 7. c4 c6 8. Nbd2 Bb7 9. 0-0 Be7 10. Rc1 0-0 11. Qc2 Rc8 12. Rfd1 Re8 13. e3 Bd6 14. Qb1 Qe7 15. h3 Nf8 16. Ne5 N6d7 17. Nxd7 Nxd7 18. e4 Qg5 19. e5 Bf8 20. Nf1 f5 21. f4 Qd8 22. Ne3 Be7 23. Kh2 Nf8 24. Rf1 Nh7 25. Bf3 g6 26. Rf2 Rf8 27. Qd3 Rf7 28. cxd5 cxd5 29. Rxc8 Qxc8 30. Rc2 Qd7 31. Be2 a6 32. Qc3 Bd8 33. Ba3 g5 34. Bh5 Rg7 35. Qb4 Be7 36. Qxb6 Bxa3 37. b4 Qe7 38. Rc3 Bxb4 39. Rb3 Bd2 40. Nf1 Bc1 41. Rc3 Ba3 42. fxg5 hxg5 43. Be2 a5 44. Kg2 Nf8 45. Qb3 Bb4 46. Rc2 Ng6 47. Nh2 Nf8 48. g4 Ng6 49. Kg1 Nf4 50. Bf1 Qd8 51. a3 Bf8 52. Nf3 fxg4 53. hxg4 Qe7 54. Rc3 Rh7 55. Qb6 Qg7 56. Qxa5 Qh6 57. Qd8 Rg7 58. a4 Qg6 59. Qb6 Qe4 60. a5 Ne2+ 61. Bxe2 Qxe2 62. Qxe6+ Kh8 63. Qf6 Kg8 64. Qe6+ Rf7 65. Qg6+ Bg7 66. Qe6 Ba6 67. Rc8+ Bxc8 68. Qxc8+ Bf8 69. Nh2 Qf2+ 70. Kh1 Qxd4 71. Qe6 Bc5 72. Qg6+ Kf8 73. Qh6+ Ke8 74. Qc6+ Kd8 75. Qa8+ Ke7 76. Qb7+ Ke6 77. Qc8+ Kxe5 0-1

[Event "SVK-chT2B 0506"]
[Site "Slovakia"]
[Date "2006.02.12"]
[Round "9.6"]
[White "Juhasz, Ladislav"]
[Black "Bona, Zoltan"]
[Result "1-0"]
[WhiteElo "1904"]
[BlackElo "1747"]
[PlyCount "81"]
[EventDate "2005.10.22"]
[EventType "team-tourn"]
[EventRounds "11"]
[EventCountry "SVK"]
[SourceTitle "EXT 2008"]
[Source "ChessBase"]
[SourceDate "2007.11.25"]
[SourceVersion "1"]
[SourceVersionDate "2007.11.25"]
[SourceQuality "1"]

1. e4 e5 2. Nf3 Nc6 3. Bb5 a6 4. Ba4 d6 5. h3 Bd7 6. c3 Nf6 7. Bc2 Be7 8. 0-0 0-0 9. Re1 Kh8 10. d4 exd4 11. cxd4 Ng8 12. Nc3 Bf6 13. Be3 Nge7 14. Rc1 Ng6 15. Nd5 Nce7 16. Nxf6 gxf6 17. Kh2 Rg8 18. Bb3 d5 19. e5 fxe5 20. dxe5 Be6 21. Bg5 Re8 22. Bf6+ Kg8 23. Qd2 Qd7 24. Qh6 Nf5 25. Qg5 h6 26. Qd2 Kh7 27. Bc2 Ng7 28. g4 Rg8 29. Nh4 c6 30. Qd3 Ne8 31. Nxg6 fxg6 32. Bh4 Qf7 33. Re3 Qg7 34. Bg3 Nc7 35. f4 Rgf8 36. Rf1 h5 37. f5 gxf5 38. gxf5 Bf7 39. e6 Be8 40. Be5 Qh6 41. Bxc7 1-0

[Event "SVK-chT2B 0506"]
[Site "Slovakia"]
[Date "2005.12.18"]
[Round "6.5"]
[White "Juhasz, Ladislav"]
[Black "Beres, Dominik"]
[Result "1-0"]
[WhiteElo "1904"]
[BlackElo "2090"]
[PlyCount "184"]
[EventDate "2005.10.22"]
[EventType "team-tourn"]
[EventRounds "11"]
[EventCountry "SVK"]
[SourceTitle "EXT 2008"]
[Source "ChessBase"]
[SourceDate "2007.11.25"]
[SourceVersion "1"]
[SourceVersionDate "2007.11.25"]
[SourceQuality "1"]

1. e4 d6 2. d4 Nf6 3. Nc3 g6 4. h3 Bg7 5. Nf3 0-0 6. Bc4 c6 7. Bd3 Qc7 8. Be3 Nbd7 9. Ne2 e5 10. c3 Re8 11. dxe5 dxe5 12. Qc2 b6 13. 0-0 Nc5 14. Bxc5 bxc5 15. Rfd1 Be6 16. Ng5 c4 17. Nxe6 cxd3 18. Nxc7 dxc2 19. Rdc1 Nxe4 20. Nxa8 Rxa8 21. Rxc2 Rd8 22. Kf1 Bh6 23. g3 Nd2+ 24. Kg2 Nc4 25. a4 e4 26. b3 Ne5 27. b4 Nd3 28. Kf1 f5 29. Rb1 g5 30. Nd4 f4 31. Nf5 Bf8 32. gxf4 gxf4 33. Ke2 Kf7 34. f3 exf3+ 35. Kxf3 Kf6 36. Nd4 Re8 37. Re2 Ne5+ 38. Kf2 c5 39. bxc5 Bxc5 40. Kf1 Rh8 41. Rb5 Rc8 42. Re4 Bxd4 43. Rxf4+ Ke6 44. Rxd4 Nf3 45. Rd3 Rf8 46. Re3+ Kd6 47. Ke2 Ng1+ 48. Kd3 Nf3 49. c4 Rf7 50. Rd5+ Kc7 51. Ke4 Nh4 52. Kd3 Ng2 53. Rg3 Nf4+ 54. Ke4 Nxd5 55. cxd5 Kd6 56. Rc3 Rf1 57. Rc6+ Kd7 58. Rh6 Rf7 59. Ra6 Kc8 60. Ke5 Kb7 61. Rh6 Re7+ 62. Kd6 Rg7 63. Kc5 Rc7+ 64. Kb5 Rd7 65. Kc5 Rc7+ 66. Kd6 Rg7 67. Ke6 Kc7 68. a5 Rd7 69. Ke5 Rg7 70. h4 Re7+ 71. Re6 Rf7 72. h5 Rg7 73. Kf6 Rg1 74. h6 Rg6+ 75. Kf7 Rg5 76. d6+ Kd7 77. Re7+ Kxd6 78. Rxa7 Kc6 79. Kf8 Kd6 80. a6 Rg6 81. Rxh7 Kc5 82. a7 Ra6 83. Rc7+ Kb6 84. h7 Kxc7 85. h8Q Rxa7 86. Ke7 Kc6+ 87. Ke6 Rc7 88. Qd4 Kb7 89. Qe5 Kb6 90. Kd6 Rc6+ 91. Kd7 Rc5 92. Qb8+ Ka5 1-0

[Event "SVK-chT2B 0506"]
[Site "Slovakia"]
[Date "2005.11.27"]
[Round "4.6"]
[White "Botto, Vladimir"]
[Black "Juhasz, Ladislav"]
[Result "1/2-1/2"]
[WhiteElo "2057"]
[BlackElo "1904"]
[PlyCount "68"]
[EventDate "2005.10.22"]
[EventType "team-tourn"]
[EventRounds "11"]
[EventCountry "SVK"]
[SourceTitle "EXT 2008"]
[Source "ChessBase"]
[SourceDate "2007.11.25"]
[SourceVersion "1"]
[SourceVersionDate "2007.11.25"]
[SourceQuality "1"]

1. Nf3 d5 2. g3 Nf6 3. Bg2 g6 4. 0-0 Bg7 5. c4 c6 6. Qb3 0-0 7. d3 Re8 8. Bg5 Nbd7 9. Nbd2 h6 10. Bxf6 Nxf6 11. Rac1 e6 12. e4 b6 13. cxd5 cxd5 14. e5 Nd7 15. d4 Ba6 16. Rfe1 Rc8 17. Qa3 Nb8 18. b4 Qe7 19. Qb3 Qd7 20. a4 Rxc1 21. Rxc1 Rc8 22. Rxc8+ Qxc8 23. b5 Bb7 24. Bf1 Qc7 25. Bd3 a6 26. Qc2 Qxc2 27. Bxc2 a5 28. Ne1 Bc8 29. f4 Bd7 30. Kf2 Be8 31. Ndf3 Nd7 32. g4 f5 33. h3 Bf8 34. Nd3 Be7 1/2-1/2

[Event "SVK-chT2B 0506"]
[Site "Slovakia"]
[Date "2005.10.22"]
[Round "1.6"]
[White "Vrbica, Ladislav"]
[Black "Juhasz, Ladislav"]
[Result "1/2-1/2"]
[WhiteElo "2015"]
[BlackElo "1904"]
[PlyCount "90"]
[EventDate "2005.10.22"]
[EventType "team-tourn"]
[EventRounds "11"]
[EventCountry "SVK"]
[SourceTitle "EXT 2008"]
[Source "ChessBase"]
[SourceDate "2007.11.25"]
[SourceVersion "1"]
[SourceVersionDate "2007.11.25"]
[SourceQuality "1"]

1. c4 e5 2. Nc3 Nf6 3. g3 d6 4. Bg2 c6 5. Nf3 Be7 6. 0-0 0-0 7. d4 Qc7 8. Qc2 Nbd7 9. b3 Re8 10. Bb2 Bf8 11. Rac1 a6 12. Rfd1 g6 13. e3 Bg7 14. Ba3 Bf8 15. Bb2 Bg7 16. Rd2 Nf8 17. Ba3 exd4 18. Rxd4 c5 19. Rd2 Bf5 20. Qd1 Rad8 21. Bb2 h6 22. Nh4 Bg4 23. Bf3 Bc8 24. Ng2 g5 25. h4 Ng6 26. hxg5 hxg5 27. Nd5 Nxd5 28. Bxd5 Bxb2 29. Rxb2 Kg7 30. Rd2 Rh8 31. Qc2 Qd7 32. Qc3+ f6 33. f4 gxf4 34. exf4 Qh3 35. Kf2 Rde8 36. Bf3 Rd8 37. Rcd1 Qe6 38. Re2 Qd7 39. Rde1 Rde8 40. Rxe8 Rxe8 41. Rxe8 Qxe8 42. Qd3 Qd8 43. Be4 Ne7 44. Qf3 b5 45. Ne3 bxc4 1/2-1/2